[Event "LSS No Engine Cup 231 Preliminary 0"]
[Site "LSS email"]
[Date "2022.11.22"]
[Round "?"]
[White "Henke, Simon"]
[Black "Koehler, Hans Christian"]
[Result "1/2-1/2"]
[WhiteElo "2110"]
[BlackElo "1442"]
[PlyCount "62"]
[EventDate "2022.11.22"]
[EventType "tourn (corr)"]
[EventRounds "6"]
[EventCountry "GER"]
[SourceTitle "Corr 2024"]
[Source "ChessBase"]
[SourceDate "2023.10.19"]
[SourceVersion "1"]
[SourceVersionDate "2023.10.19"]
[SourceQuality "1"]

1. e4 e5 2. d4 exd4 3. Qxd4 Nc6 4. Qe3 Nf6 5. Nc3 Bb4 6. Bd2 0-0 7. 0-0-0 Re8 8. Qg3 Nxe4 9. Nxe4 Rxe4 10. c3 Be7 11. f4 d6 12. Bd3 Ra4 13. Kb1 Be6 14. b3 Ra5 15. Ne2 Bf6 16. Qf3 g6 17. g4 Bd5 18. Be4 Bxe4+ 19. Qxe4 Bg7 20. c4 Rc5 21. Bc3 Qf8 22. Qd3 a5 23. Bxg7 Qxg7 24. Nc3 Nb4 25. Qd4 Qxd4 26. Rxd4 Na6 27. Re1 Kg7 28. h4 h6 29. Kb2 Rd8 30. a3 h5 31. g5 Rc6 1/2-1/2

[Event "OP-2022-0-05354"]
[Site "LSS email"]
[Date "2022.11.12"]
[Round "?"]
[White "Koehler, Hans Christian"]
[Black "Maly, Marian"]
[Result "1-0"]
[WhiteElo "1093"]
[BlackElo "713"]
[PlyCount "49"]
[EventDate "2022.11.11"]
[EventType "tourn (corr)"]
[EventRounds "4"]
[EventCountry "GER"]
[SourceTitle "Corr 2024"]
[Source "ChessBase"]
[SourceDate "2023.10.19"]
[SourceVersion "1"]
[SourceVersionDate "2023.10.19"]
[SourceQuality "1"]

1. e4 e5 2. Nf3 d6 3. d4 exd4 4. Nxd4 a6 5. Bf4 c5 6. Nb3 Nf6 7. Nc3 Nc6 8. Qd2 Be7 9. 0-0-0 Be6 10. Bxd6 Bxd6 11. Qxd6 Qxd6 12. Rxd6 0-0 13. Be2 Bxb3 14. axb3 h6 15. Rhd1 Ne5 16. f3 Nh5 17. g3 Nc6 18. f4 Rad8 19. Rxd8 Nxd8 20. Bxh5 g6 21. Bf3 Nc6 22. Ne2 a5 23. c3 b5 24. e5 b4 25. Bxc6 1-0

[Event "LSS ZL-2022-0-02375"]
[Site "LSS email"]
[Date "2022.10.01"]
[Round "?"]
[White "Cordes, Michael"]
[Black "Koehler, Hans Christian"]
[Result "1-0"]
[WhiteElo "1062"]
[BlackElo "1044"]
[PlyCount "65"]
[EventDate "2022.08.31"]
[EventType "match (corr)"]
[EventRounds "2"]
[EventCountry "GER"]
[SourceTitle "Corr 2024"]
[Source "ChessBase"]
[SourceDate "2023.10.19"]
[SourceVersion "1"]
[SourceVersionDate "2023.10.19"]
[SourceQuality "1"]

1. e4 e5 2. Bc4 Nf6 3. Nc3 Nxe4 4. Qh5 Nd6 5. Qxe5+ Qe7 6. Qxe7+ Bxe7 7. Bb3 Nf5 8. Nd5 Bd8 9. Nf3 c6 10. Nf4 d5 11. 0-0 0-0 12. Re1 Nd6 13. h3 Na6 14. d3 Nc5 15. Be3 Bb6 16. c4 dxc4 17. dxc4 Nxb3 18. axb3 Bxe3 19. Rxe3 Bf5 20. g4 Bg6 21. Re7 Rfe8 22. Rd7 Rad8 23. Rxd8 Rxd8 24. Nxg6 hxg6 25. Rxa7 Rb8 26. Kg2 f6 27. h4 Ne4 28. b4 Nd6 29. b3 Ne4 30. Nd4 Kf7 31. Nxc6 Rc8 32. Rxb7+ Kg8 33. Ne7+ 1-0

[Event "LSS ZL-2022-0-02375"]
[Site "LSS email"]
[Date "2022.10.01"]
[Round "?"]
[White "Koehler, Hans Christian"]
[Black "Cordes, Michael"]
[Result "0-1"]
[WhiteElo "1044"]
[BlackElo "1062"]
[PlyCount "68"]
[EventDate "2022.08.31"]
[EventType "match (corr)"]
[EventRounds "2"]
[EventCountry "GER"]
[SourceTitle "Corr 2024"]
[Source "ChessBase"]
[SourceDate "2023.10.19"]
[SourceVersion "1"]
[SourceVersionDate "2023.10.19"]
[SourceQuality "1"]

1. e4 d5 2. exd5 Nf6 3. Nc3 Nxd5 4. Nxd5 Qxd5 5. Qf3 c6 6. Qxd5 cxd5 7. d4 Bf5 8. c3 f6 9. Bf4 Nc6 10. Bb5 a6 11. Bxc6+ bxc6 12. Ne2 Kf7 13. Ng3 Bd7 14. Kd2 a5 15. Ne2 Rc8 16. h3 c5 17. Rhc1 e6 18. a3 g5 19. Bh2 Be7 20. Rab1 a4 21. f3 h5 22. dxc5 e5 23. Bg1 Rb8 24. b4 axb3 25. Rb2 Ba4 26. Ng3 Kg6 27. c4 h4 28. cxd5 hxg3 29. d6 Bd8 30. c6 Ba5+ 31. Kd1 Rhd8 32. d7 Rbc8 33. Ke2 Bb5+ 34. Ke3 Rxd7 0-1

[Event "OP-2022-0-05324"]
[Site "LSS email"]
[Date "2022.09.04"]
[Round "?"]
[White "Koehler, Hans Christian"]
[Black "Kuznecova, Marija"]
[Result "0-1"]
[WhiteElo "1161"]
[BlackElo "1987"]
[PlyCount "48"]
[EventDate "2022.08.29"]
[EventType "tourn (corr)"]
[EventRounds "4"]
[EventCountry "GER"]
[SourceTitle "Corr 2024"]
[Source "ChessBase"]
[SourceDate "2023.10.19"]
[SourceVersion "1"]
[SourceVersionDate "2023.10.19"]
[SourceQuality "1"]

1. e4 c5 2. Nf3 d6 3. d4 cxd4 4. Nxd4 Nf6 5. Nc3 a6 6. f3 e5 7. Nb3 Be6 8. Be3 h5 9. Qd2 Nbd7 10. Be2 Rc8 11. Rd1 Be7 12. Nd5 Bxd5 13. exd5 Nb6 14. Bxb6 Qxb6 15. c3 h4 16. Bf1 g6 17. Ke2 Kf8 18. Qe3 Qc7 19. Kf2 b5 20. Be2 Bd8 21. Rd3 Qb7 22. Rhd1 Bb6 23. Nd4 Kg7 24. Kf1 exd4 0-1

[Event "RF-2022-0-00523"]
[Site "LSS email"]
[Date "2022.09.04"]
[Round "?"]
[White "Koehler, Hans Christian"]
[Black "Zmolil, Karel"]
[Result "1/2-1/2"]
[WhiteElo "1161"]
[BlackElo "1029"]
[PlyCount "76"]
[EventDate "2022.05.24"]
[EventType "tourn (corr)"]
[EventRounds "6"]
[EventCountry "GER"]
[SourceTitle "Corr 2024"]
[Source "ChessBase"]
[SourceDate "2023.10.19"]
[SourceVersion "1"]
[SourceVersionDate "2023.10.19"]
[SourceQuality "1"]

1. e4 c5 2. Nf3 d6 3. d4 cxd4 4. Nxd4 Nf6 5. Nc3 g6 6. Be3 Bg7 7. f3 0-0 8. Qd2 Nc6 9. g4 Nd7 10. Bb5 Nce5 11. 0-0 a6 12. Bxd7 Bxd7 13. Nce2 Nc4 14. Qc3 Nxe3 15. Qxe3 Qb6 16. Kg2 Qa7 17. Qf2 Qc5 18. c3 Qe5 19. Qg3 Qxg3+ 20. Kxg3 e5 21. Nb3 Bc6 22. Rad1 Rfd8 23. Na5 Rac8 24. Nxc6 bxc6 25. g5 f5 26. h4 f4+ 27. Kg4 Bf8 28. b3 Rc7 29. c4 Kf7 30. Rd3 Rcd7 31. Rfd1 Ke6 32. Nc3 Be7 33. Na4 a5 34. Nb6 Rb7 35. Na4 Rdd7 36. Nb2 Bf8 37. Na4 Be7 38. Nc3 Bf8 1/2-1/2

[Event "RF-2022-0-00521"]
[Site "LSS email"]
[Date "2022.08.30"]
[Round "?"]
[White "Koehler, Hans Christian"]
[Black "Zmolil, Karel"]
[Result "1-0"]
[WhiteElo "1174"]
[BlackElo "1038"]
[PlyCount "103"]
[EventDate "2022.01.14"]
[EventType "tourn (corr)"]
[EventRounds "6"]
[EventCountry "GER"]
[SourceTitle "Corr 2024"]
[Source "ChessBase"]
[SourceDate "2023.10.19"]
[SourceVersion "1"]
[SourceVersionDate "2023.10.19"]
[SourceQuality "1"]

1. e4 e5 2. Nf3 Nc6 3. Bb5 a6 4. Bxc6 dxc6 5. 0-0 Bd6 6. d4 exd4 7. Nxd4 Qf6 8. Ne2 Bg4 9. f3 0-0-0 10. Qe1 Bc5+ 11. Kh1 Bh5 12. Nf4 Bg6 13. Be3 Bd6 14. Nxg6 hxg6 15. f4 Qh4 16. h3 Be7 17. Qxh4 Bxh4 18. Nd2 Be7 19. Rad1 Nf6 20. f5 Ng4 21. Bg1 gxf5 22. Rxf5 f6 23. Rff1 Rh5 24. Nf3 Bd6 25. Rd3 Re8 26. Re1 Ne5 27. Nxe5 Bxe5 28. c3 g5 29. Bh2 Reh8 30. Bxe5 fxe5 31. Kg1 Rf8 32. Rf1 Rxf1+ 33. Kxf1 Rh4 34. g4 Rh7 35. Kg2 Rf7 36. Re3 Kd7 37. Re2 Ke6 38. Kg3 Rh7 39. Rd2 Ke7 40. Rh2 a5 41. h4 gxh4+ 42. Rxh4 Rg7 43. Rh5 Kf6 44. Rf5+ Ke6 45. g5 c5 46. Kg4 b5 47. Rf6+ Kd7 48. Kf5 c4 49. g6 c5 50. Rf7+ Rxf7+ 51. gxf7 Ke7 52. Kxe5 1-0

[Event "OP-2022-0-05322"]
[Site "LSS email"]
[Date "2022.08.29"]
[Round "?"]
[White "Koehler, Hans Christian"]
[Black "Vodicka, Milan"]
[Result "0-1"]
[WhiteElo "1185"]
[BlackElo "2087"]
[PlyCount "56"]
[EventDate "2022.08.25"]
[EventType "tourn (corr)"]
[EventRounds "4"]
[EventCountry "GER"]
[SourceTitle "Corr 2024"]
[Source "ChessBase"]
[SourceDate "2023.10.19"]
[SourceVersion "1"]
[SourceVersionDate "2023.10.19"]
[SourceQuality "1"]

1. e4 e5 2. Nf3 Nc6 3. Bb5 Nge7 4. 0-0 Ng6 5. Bxc6 dxc6 6. d4 Bg4 7. dxe5 Qxd1 8. Rxd1 Nxe5 9. Nbd2 0-0-0 10. Re1 Nxf3+ 11. Nxf3 f6 12. h3 Bh5 13. g4 Bf7 14. Bd2 Be7 15. Bc3 h5 16. a3 hxg4 17. hxg4 Be6 18. g5 Rh5 19. Rad1 Rdh8 20. Kf1 fxg5 21. Bxg7 R8h7 22. Bc3 g4 23. Nd4 Rh1+ 24. Kg2 R7h2+ 25. Kg3 Bh4+ 26. Kf4 Rxf2+ 27. Ke5 Bg3+ 28. Kxe6 Rh6+ 0-1

[Event "LSS No Engine Cup 227 Preliminary 0"]
[Site "LSS email"]
[Date "2022.05.26"]
[Round "?"]
[White "Koehler, Hans Christian"]
[Black "Louro, Eugenio"]
[Result "0-1"]
[WhiteElo "1600"]
[BlackElo "1962"]
[PlyCount "42"]
[EventDate "2022.05.26"]
[EventType "tourn (corr)"]
[EventRounds "6"]
[EventCountry "GER"]
[SourceTitle "Corr 2024"]
[Source "ChessBase"]
[SourceDate "2023.10.19"]
[SourceVersion "1"]
[SourceVersionDate "2023.10.19"]
[SourceQuality "1"]

1. e4 c6 2. d4 d5 3. f3 Nf6 4. Nc3 e6 5. e5 Nfd7 6. Nce2 b6 7. f4 c5 8. Nf3 Nc6 9. c3 g6 10. Qa4 Bb7 11. Be3 a6 12. Ng3 cxd4 13. cxd4 Bb4+ 14. Kf2 0-0 15. Bd3 b5 16. Qd1 f6 17. Bd2 Bxd2 18. Qxd2 Qb6 19. Be2 fxe5 20. fxe5 Nxd4 21. Rhd1 Nxf3+ 0-1

[Event "RE-2022-0-00229"]
[Site "LSS email"]
[Date "2022.05.08"]
[Round "?"]
[White "Koehler, Hans Christian"]
[Black "Prokopets, Vasilij"]
[Result "0-1"]
[WhiteElo "1394"]
[BlackElo "1336"]
[PlyCount "82"]
[EventDate "2020.11.28"]
[EventType "tourn (corr)"]
[EventRounds "6"]
[EventCountry "GER"]
[SourceTitle "Corr 2024"]
[Source "ChessBase"]
[SourceDate "2023.10.19"]
[SourceVersion "1"]
[SourceVersionDate "2023.10.19"]
[SourceQuality "1"]

1. e4 e5 2. Nf3 Nc6 3. Bb5 a6 4. Bxc6 dxc6 5. 0-0 Bg4 6. h3 h5 7. d3 Qf6 8. Nbd2 Ne7 9. Nc4 Bxf3 10. Qxf3 Qxf3 11. gxf3 Ng6 12. Rd1 0-0-0 13. Kf1 Be7 14. Be3 Rd7 15. Na5 Bb4 16. Nb3 Nh4 17. Ke2 b6 18. a3 Bd6 19. Rd2 Rf8 20. Rad1 f5 21. exf5 Rxf5 22. d4 Nxf3 23. Rd3 e4 24. Rc3 Kb7 25. Nd2 Nxd2 26. Rxd2 Rdf7 27. Ke1 g5 28. Re2 g4 29. hxg4 hxg4 30. Rb3 Rf3 31. c4 c5 32. dxc5 Bxc5 33. Rc3 Kc6 34. b4 Bd6 35. Rcc2 g3 36. fxg3 Bxg3+ 37. Kd2 Rd7+ 38. Kc1 Rf1+ 39. Kb2 Be5+ 40. Ka2 Ra1+ 41. Kb3 Rd3+ 0-1

[Event "RE-2022-0-00229"]
[Site "LSS email"]
[Date "2022.04.28"]
[Round "?"]
[White "Koehler, Hans Christian"]
[Black "Endean, Andrew"]
[Result "0-1"]
[WhiteElo "1394"]
[BlackElo "1162"]
[PlyCount "50"]
[EventDate "2020.11.28"]
[EventType "tourn (corr)"]
[EventRounds "6"]
[EventCountry "GER"]
[SourceTitle "Corr 2024"]
[Source "ChessBase"]
[SourceDate "2023.10.19"]
[SourceVersion "1"]
[SourceVersionDate "2023.10.19"]
[SourceQuality "1"]

1. e4 d5 2. exd5 Qxd5 3. Nc3 Qa5 4. d4 Nf6 5. Bd2 c6 6. Ne4 Qf5 7. Nxf6+ Qxf6 8. Be3 Bf5 9. Bd3 e6 10. Bxf5 Qxf5 11. Nf3 Be7 12. 0-0 0-0 13. c3 Nd7 14. Qb1 Qxb1 15. Raxb1 Nf6 16. Ne5 Rad8 17. f3 Nd5 18. Bf2 Bf6 19. g3 Rfe8 20. Rfe1 Nb6 21. b3 Nd5 22. Rbc1 h6 23. Kf1 Kf8 24. Red1 a6 25. a3 Nxc3 0-1

[Event "LSS No Engine Cup 226 Preliminary 0"]
[Site "LSS email"]
[Date "2022.03.27"]
[Round "?"]
[White "Koehler, Hans Christian"]
[Black "Leijen, Peter"]
[Result "0-1"]
[WhiteElo "1600"]
[BlackElo "2058"]
[PlyCount "44"]
[EventDate "2022.03.27"]
[EventType "tourn (corr)"]
[EventRounds "6"]
[EventCountry "GER"]
[SourceTitle "Corr 2024"]
[Source "ChessBase"]
[SourceDate "2023.10.19"]
[SourceVersion "1"]
[SourceVersionDate "2023.10.19"]
[SourceQuality "1"]

1. e4 c5 2. Nf3 d6 3. d4 cxd4 4. Nxd4 Nf6 5. Nc3 Nc6 6. Bg5 e6 7. Qd2 a6 8. 0-0-0 h6 9. Be3 Be7 10. Kb1 Ng4 11. Nxc6 bxc6 12. Bf4 e5 13. Bg3 Be6 14. h3 Nf6 15. f4 Nh5 16. Bh2 Nxf4 17. Bxf4 exf4 18. Qxf4 0-0 19. h4 Bf6 20. Qxd6 Qa5 21. a3 Rab8 22. Kc1 Rxb2 0-1

[Event "OP-2022-0-05270"]
[Site "LSS email"]
[Date "2022.03.26"]
[Round "?"]
[White "Koehler, Hans Christian"]
[Black "Vodicka, Milan"]
[Result "0-1"]
[WhiteElo "1378"]
[BlackElo "2065"]
[PlyCount "34"]
[EventDate "2022.03.11"]
[EventType "tourn (corr)"]
[EventRounds "4"]
[EventCountry "GER"]
[SourceTitle "Corr 2024"]
[Source "ChessBase"]
[SourceDate "2023.10.19"]
[SourceVersion "1"]
[SourceVersionDate "2023.10.19"]
[SourceQuality "1"]

1. e4 e5 2. Nf3 Nc6 3. Bb5 Nge7 4. 0-0 Ng6 5. Bxc6 dxc6 6. d4 Bg4 7. dxe5 Qxd1 8. Rxd1 Nxe5 9. Bf4 Nxf3+ 10. gxf3 Bxf3 11. Re1 0-0-0 12. a3 Be7 13. Nc3 g5 14. Be3 Bf6 15. Na4 Rhe8 16. h3 Rxe4 17. Bxa7 Rxa4 0-1

[Event "LSS ZL-2022-0-02362"]
[Site "LSS email"]
[Date "2022.03.22"]
[Round "?"]
[White "Cerne, Peter"]
[Black "Koehler, Hans Christian"]
[Result "1-0"]
[WhiteElo "1466"]
[BlackElo "1378"]
[PlyCount "49"]
[EventDate "2022.03.02"]
[EventType "match (corr)"]
[EventRounds "2"]
[EventCountry "GER"]
[SourceTitle "Corr 2024"]
[Source "ChessBase"]
[SourceDate "2023.10.19"]
[SourceVersion "1"]
[SourceVersionDate "2023.10.19"]
[SourceQuality "1"]

1. e4 e6 2. d4 d5 3. Nc3 dxe4 4. Nxe4 Nf6 5. Bg5 Be7 6. Bxf6 gxf6 7. Nf3 b6 8. Bc4 Bb7 9. Qe2 Nd7 10. 0-0-0 f5 11. Ng3 Bg5+ 12. Kb1 Bxf3 13. gxf3 Nf8 14. Bb5+ Ke7 15. Nxf5+ Kf6 16. Ne3 Ng6 17. h4 Bf4 18. h5 Ne7 19. Ng4+ Kg7 20. Qe4 Bd6 21. Rhg1 Kf8 22. Nf6 Nf5 23. Nd7+ Ke7 24. Rge1 Rg8 25. Qxf5 1-0

[Event "LSS ZL-2022-0-02362"]
[Site "LSS email"]
[Date "2022.03.22"]
[Round "?"]
[White "Koehler, Hans Christian"]
[Black "Cerne, Peter"]
[Result "0-1"]
[WhiteElo "1378"]
[BlackElo "1466"]
[PlyCount "54"]
[EventDate "2022.03.02"]
[EventType "match (corr)"]
[EventRounds "2"]
[EventCountry "GER"]
[SourceTitle "Corr 2024"]
[Source "ChessBase"]
[SourceDate "2023.10.19"]
[SourceVersion "1"]
[SourceVersionDate "2023.10.19"]
[SourceQuality "1"]

1. e4 e5 2. Nf3 Nc6 3. Bb5 a6 4. Bxc6 dxc6 5. 0-0 f6 6. d4 Bg4 7. c3 Bd6 8. Be3 Ne7 9. dxe5 fxe5 10. h3 Be6 11. Qc2 Ng6 12. c4 Qf6 13. Nbd2 Be7 14. Ng5 Bd7 15. Ngf3 c5 16. Rad1 0-0-0 17. Kh2 Nf4 18. Bxf4 exf4 19. Nb3 g5 20. Rd2 h5 21. Rfd1 g4 22. Ng1 Rhg8 23. Rd5 gxh3 24. Nxh3 Bxh3 25. gxh3 Qg6 26. Rxd8+ Bxd8 27. f3 Qg3+ 0-1